Giáo trình pháp luật đại cương : Câu hỏi pháp luật - Trích bộ luật dân sự, bộ luật tố tụng dân sự, bộ luật hình sự, bộ luật tố tụng hình sự, bộ luật lao động, bộ luật hôn nhân và gia đình /

Zapisane w:
Opis bibliograficzny
1. autor: Ngô Tăng Văn Phước, ThS.
Format: Sách giấy
Język:Vietnamese
Wydane: H. : Thống kê, 2006.
Hasła przedmiotowe:
Etykiety: Dodaj etykietę
Nie ma etykietki, Dołącz pierwszą etykiete!
Thư viện lưu trữ: Thư viện Trường Đại học Đà Lạt
LEADER 01000nam a2200313 4500
001 DLU080062381
005 ##20080403
040 # # |a DLU  |b vie 
041 # # |a vie 
044 # # |a vn 
082 # # |a 340  |b NG-P 
100 # # |a Ngô Tăng Văn Phước,  |c ThS. 
245 # # |a Giáo trình pháp luật đại cương :  |b Câu hỏi pháp luật - Trích bộ luật dân sự, bộ luật tố tụng dân sự, bộ luật hình sự, bộ luật tố tụng hình sự, bộ luật lao động, bộ luật hôn nhân và gia đình /  |c Ngô Tăng Văn Phước. 
260 # # |a H. :  |b Thống kê,  |c 2006. 
300 # # |a 598 tr. ;  |c 24 cm. 
504 # # |a Tài liệu tham khảo: tr.598. 
653 # # |a Giáo trình 
653 # # |a Nhà nước pháp quyền 
653 # # |a Pháp luật 
923 # # |a 02/2008 
992 # # |a 44500 
994 # # |a DLU 
900 # # |a True 
911 # # |a Đào Thị Thu Huyền 
925 # # |a G 
926 # # |a A 
927 # # |a SH 
980 # # |a Thư viện Trường Đại học Đà Lạt